| 000 | 01004nam a2200277 a 4500 | ||
|---|---|---|---|
| 001 | BRCA_7501 | ||
| 005 | 20190320205849.0 | ||
| 008 | 300413m1913----gw-a###f##---#001-0#ger-# | ||
| 041 | _ager | ||
| 044 | _agw | ||
| 050 | 4 |
_aN5330 _b.C87 1913 |
|
| 100 | 1 |
_aCurtius, Ludwig _918482 |
|
| 245 | 1 | 0 |
_aDie antike kunst _cvon Ludwig Curtius ; begründet von Fritz Burger ; herausgegeben von A. E. Brinckmann. |
| 260 |
_aBerlín _bAkademische Verlagsgesellschaft Athenaion _c1913 |
||
| 300 |
_aix, 293 p. _bil. (algunas a color), 8 láminas _c29 cm. |
||
| 440 | 0 |
_aHandbuch der Kunstwissenschaft _918483 |
|
| 500 | _aVer también R50 (volumen 2) | ||
| 500 | _aR41 | ||
| 505 | 0 | _aContenido: v.1 Agypten und Vorderasien.-- v.2 Parte 1. Die klassishe kunst Griechenslands. Parte 2. Die hellenistische und romische kunst | |
| 650 | 1 | 4 |
_aArte antiguo _99308 |
| 650 | 1 | 4 |
_aArte _xHistoria _918484 |
| 700 | 1 |
_aBurger, Fritz _918485 |
|
| 700 | 1 |
_aBrinckmann, A. E. _eed. _918486 |
|
| 902 | _aGFM | ||
| 942 |
_2lcc _cB |
||
| 999 |
_c7176 _d7176 |
||